000 00581nam a22002537a 4500
003 UA-OsUOA
001 22298
007 ta
008 20031218b un ||||| |||| 00| 0 ukr d
100 _aЭльконин Д. Б.
090 _a159.922.7
_bЭ53
942 _cBK
040 _aUA-OsUOA
_brus
_cUA-OsUOA
_dUA-OsUOA
245 _aПсихология игры
300 _a360 с.
955 _a0
041 _arus
080 _a159.922.7
020 _a5-691-00256-2
260 _aМосква
_bВладос
_c1999
044 _aRU
650 7 _2UDC
999 _c308515
_d308515